| LEADER 00000nam 2200000uu 4500 |
| 001 13399110244 |
| 003 ULIBM |
| 008 120329s1977||||th 000 0 tha d |
| 020 ^a0-07-055764-0
|
| 082 ^a618.3^bJ399V
|
| 100 ^a Schwartz, Jane Linker.
|
| 245 ^aVulnerable infants psychosocial dilemma /^cby Jane Linker Schwartz.
|
| 250 ^a1 st ed.
|
| 260 ^aUnited States :^bMcGraw-Hill,Inc,^c1977.
|
| 300 ^a377 p. :^bill. ;^c23 cm.
|
| 650 0 ^aInfant (Premature)^xAddresses, essays, lectures.
|
| 650 0 ^aPregnancy|xPsychological aspects|xAddresses, essays, lectures.
|
| 945 ^p0^l0^i12847
|
| 999 ^aNithiwadee
|
หนังสือดีน่าอ่าน

“ดั่งดวงแก้ว ส่องสว่าง ทางสายงาม”
จัดทำขึ้นเพื่อเฉลิมพระเกียรติ สมเด็จพระเทพรัตนราชสุดา ฯ สยามบรมราชกุมารี
เนื่องในโอกาสมหามงคลเฉลิมพระชนมพรรษา ๕ รอบ ๒ เมษายน ๒๕๕๘
โดยหนังสือเล่มนี้ได้รวบรวม ๖๐ พระอัจฉริยภาพของสมเด็จพระเทพ ฯ
ผู้อ่านจะได้รับแรงบันดาลใจให้พากเพียรเรียนรู้และขยันอดทนทำการงาน
ตามรอยเบื้องพระยุคลบาท เพราะพระองค์ทรงเป็นแบบอย่างอันดีเยี่ยมในทุกด้าน
ทั้งในความใฝ่รู้ใฝ่เรียน คุณธรรมจริยธรรม พระวิริยอุตสาหะในการทรงงาน
และอื่นๆอีกมากมาย ล้วนสามารถสร้างแรงบันดาลใจให้แก่เด็กและเยาวชน
อีกทั้งประชาชนทั่วไป ให้พากเพียรเรียนรู้และขยันอดทนทำการงานตามรอยพระยุคลบาท
เพื่อฝึกฝนตนเองให้เป็นคนดีคนเก่งของครอบครัวและสังคมต่อไป